[Event "Murta"]
[Site "Xativa"]
[Date "2017.07.20"]
[Round "4.3"]
[White "Ibanez Aullana, Ramon"]
[Black "Camarena Gimenez, Rufino"]
[Result "1/2-1/2"]
[WhiteElo "2274"]
[BlackElo "2383"]
[PlyCount "90"]
[EventDate "2017.??.??"]

1. e4 {[%clk 1:30:43]} 1... e6 {[%clk 1:30:32]} 2. d4 {[%clk 1:30:50]} 2... d5
{[%clk 1:30:57]} 3. Nc3 {[%clk 1:31:05]} 3... Nf6 {[%clk 1:31:03]} 4. e5 {
[%clk 1:30:36]} 4... Nfd7 {[%clk 1:31:11]} 5. f4 {[%clk 1:30:49]} 5... c5 {
[%clk 1:31:25]} 6. Nf3 {[%clk 1:31:05]} 6... Nc6 {[%clk 1:31:38]} 7. Be3 {
[%clk 1:30:37]} 7... Be7 {[%clk 1:31:31]} 8. Qd2 {[%clk 1:26:57]} 8... O-O {
[%clk 1:31:41]} 9. dxc5 {[%clk 1:18:53]} 9... Qa5 {[%clk 1:26:41]} 10. O-O-O {
[%clk 1:17:33]} 10... b6 {[%clk 1:24:34]} 11. Bb5 {[%clk 1:11:09]} 11... Bb7 {
[%clk 1:24:45]} 12. Kb1 {[%clk 0:58:47]} 12... Rfc8 {[%clk 1:21:26]} 13. Bxc6 {
[%clk 0:53:05]} 13... Bxc6 {[%clk 1:21:35]} 14. f5 {[%clk 0:51:58]} 14... exf5
{[%clk 1:11:34]} 15. Nd4 {[%clk 0:43:28]} 15... Nxe5 {[%clk 0:42:03]} 16. Nxf5
{[%clk 0:34:44]} 16... Bxc5 {[%clk 0:34:10]} 17. Bd4 {[%clk 0:23:51]} 17...
Bxd4 {[%clk 0:19:39]} 18. Qxd4 {[%clk 0:23:48]} 18... Re8 {[%clk 0:18:50]} 19.
Rhe1 {[%clk 0:21:57]} 19... f6 {[%clk 0:18:05]} 20. Nd6 {[%clk 0:19:38]} 20...
Red8 {[%clk 0:15:47]} 21. Rxe5 {[%clk 0:17:40]} 21... fxe5 {[%clk 0:10:16]} 22.
Qxe5 {[%clk 0:17:56]} 22... Re8 {[%clk 0:10:23]} 23. Nxe8 {[%clk 0:11:14]}
23... Rxe8 {[%clk 0:10:41]} 24. Qd4 {[%clk 0:11:33]} 24... Qc5 {[%clk 0:10:23]}
25. a4 {[%clk 0:11:31]} 25... Re1 {[%clk 0:09:15]} 26. Qh4 {[%clk 0:10:09]}
26... Rxd1+ {[%clk 0:09:10]} 27. Nxd1 {[%clk 0:10:38]} 27... Qd6 {
[%clk 0:08:43]} 28. Ne3 {[%clk 0:10:34]} 28... g6 {[%clk 0:06:01]} 29. Qd4 {
[%clk 0:07:14]} 29... Qc5 {[%clk 0:03:43]} 30. Qe5 {[%clk 0:07:23]} 30... d4 {
[%clk 0:03:39]} 31. Qe6+ {[%clk 0:07:40]} 31... Kg7 {[%clk 0:03:15]} 32. Ng4 {
[%clk 0:08:06]} 32... Qg5 {[%clk 0:01:34]} 33. h4 {[%clk 0:06:05]} 33... Qxh4 {
[%clk 0:01:42]} 34. Qe5+ {[%clk 0:06:32]} 34... Kf7 {[%clk 0:01:48]} 35. Qc7+ {
[%clk 0:06:44]} 35... Kf8 {[%clk 0:01:51]} 36. Qf4+ {[%clk 0:05:56]} 36... Ke7
{[%clk 0:01:57]} 37. Qe5+ {[%clk 0:06:05]} 37... Kf7 {[%clk 0:02:01]} 38. Qxd4
{[%clk 0:05:23]} 38... Qe1+ {[%clk 0:01:27]} 39. Ka2 {[%clk 0:05:52]} 39...
Qe6+ {[%clk 0:01:21]} 40. b3 {[%clk 0:06:15]} 40... Qe4 {[%clk 0:01:12]} 41.
Qf6+ {[%clk 0:05:25]} 41... Ke8 {[%clk 0:01:41]} 42. Qh8+ {[%clk 0:02:52]}
42... Ke7 {[%clk 0:02:09]} 43. Qf6+ {[%clk 0:03:03]} 43... Ke8 {[%clk 0:02:20]}
44. Qh8+ {[%clk 0:02:15]} 44... Ke7 {[%clk 0:02:49]} 45. Qf6+ {[%clk 0:01:58]}
45... Ke8 1/2-1/2

[Event "Murta"]
[Site "Xativa"]
[Date "2017.07.20"]
[Round "4.4"]
[White "Valmana Canto, Jaime"]
[Black "Megias Chafer, Alejandro"]
[Result "1-0"]
[WhiteElo "2356"]
[BlackElo "2118"]
[PlyCount "73"]
[EventDate "2017.??.??"]

1. Nf3 {[%clk 1:30:55]} 1... d5 {[%clk 1:30:54]} 2. g3 {[%clk 1:31:19]} 2... c6
{[%clk 1:30:06]} 3. Bg2 {[%clk 1:31:08]} 3... Nf6 {[%clk 1:30:16]} 4. c4 {
[%clk 1:31:31]} 4... Bf5 {[%clk 1:30:09]} 5. Qb3 {[%clk 1:29:31]} 5... Qb6 {
[%clk 1:30:14]} 6. Nc3 {[%clk 1:29:53]} 6... e6 {[%clk 1:29:51]} 7. O-O {
[%clk 1:29:22]} 7... Nbd7 {[%clk 1:28:52]} 8. d3 {[%clk 1:29:01]} 8... h6 {
[%clk 1:23:51]} 9. cxd5 {[%clk 1:27:41]} 9... exd5 {[%clk 1:22:43]} 10. e4 {
[%clk 1:28:01]} 10... dxe4 {[%clk 1:19:42]} 11. dxe4 {[%clk 1:28:21]} 11... Be6
{[%clk 1:12:10]} 12. Qc2 {[%clk 1:19:23]} 12... Bb4 {[%clk 1:04:22]} 13. Be3 {
[%clk 1:13:59]} 13... Qa5 {[%clk 1:02:23]} 14. Nd4 {[%clk 1:14:06]} 14... Bc4 {
[%clk 1:00:53]} 15. Rfd1 {[%clk 1:14:10]} 15... Bxc3 {[%clk 0:58:43]} 16. bxc3
{[%clk 1:14:19]} 16... g6 {[%clk 0:53:28]} 17. h3 {[%clk 1:13:31]} 17... O-O-O
{[%clk 0:47:52]} 18. Rab1 {[%clk 1:05:18]} 18... Nb6 {[%clk 0:34:00]} 19. Nb3 {
[%clk 1:03:18]} 19... Rxd1+ {[%clk 0:31:48]} 20. Rxd1 {[%clk 1:01:59]} 20...
Qe5 {[%clk 0:27:13]} 21. Qd2 {[%clk 0:59:16]} 21... g5 {[%clk 0:22:35]} 22. f4
{[%clk 0:59:00]} 22... Qe7 {[%clk 0:19:34]} 23. fxg5 {[%clk 0:57:02]} 23...
Nxe4 {[%clk 0:19:16]} 24. Qd4 {[%clk 0:56:43]} 24... Re8 {[%clk 0:18:20]} 25.
Bxe4 {[%clk 0:56:26]} 25... Qxe4 {[%clk 0:18:35]} 26. Qxe4 {[%clk 0:56:49]}
26... Rxe4 {[%clk 0:18:48]} 27. Bxb6 {[%clk 0:57:11]} 27... axb6 {
[%clk 0:18:48]} 28. Nd2 {[%clk 0:57:33]} 28... Re3 {[%clk 0:17:16]} 29. gxh6 {
[%clk 0:56:17]} 29... Bd3 {[%clk 0:16:17]} 30. Kf2 {[%clk 0:54:05]} 30... Re2+
{[%clk 0:16:02]} 31. Kg1 {[%clk 0:50:32]} 31... Re6 {[%clk 0:13:55]} 32. Nf3 {
[%clk 0:50:24]} 32... Bc4 {[%clk 0:12:50]} 33. h7 {[%clk 0:50:12]} 33... Rh6 {
[%clk 0:10:23]} 34. Rd4 {[%clk 0:50:33]} 34... Rxh7 {[%clk 0:09:02]} 35. Rxc4 {
[%clk 0:50:53]} 35... Rxh3 {[%clk 0:09:20]} 36. Kg2 {[%clk 0:50:59]} 36... Rh5
{[%clk 0:09:25]} 37. Rf4 1-0

[Event "Murta"]
[Site "Xativa"]
[Date "2017.07.20"]
[Round "4.5"]
[White "Plaskett, H James"]
[Black "Clari Mascarell, Jose Javier"]
[Result "1-0"]
[WhiteElo "2463"]
[BlackElo "2045"]
[PlyCount "77"]
[EventDate "2017.??.??"]

1. c4 {[%clk 1:30:59]} 1... e6 {[%clk 1:23:12]} 2. Nc3 {[%clk 1:29:58]} 2... d5
{[%clk 1:23:12]} 3. d4 {[%clk 1:30:23]} 3... f5 {[%clk 1:23:32]} 4. Nf3 {
[%clk 1:30:47]} 4... c6 {[%clk 1:23:59]} 5. Bf4 {[%clk 1:31:08]} 5... Nf6 {
[%clk 1:24:11]} 6. e3 {[%clk 1:31:32]} 6... Be7 {[%clk 1:22:06]} 7. Qc2 {
[%clk 1:31:55]} 7... O-O {[%clk 1:22:22]} 8. Rc1 {[%clk 1:32:04]} 8... Ne4 {
[%clk 1:22:28]} 9. Bd3 {[%clk 1:32:27]} 9... Nd7 {[%clk 1:20:22]} 10. h3 {
[%clk 1:28:58]} 10... Ndf6 {[%clk 1:03:39]} 11. a3 {[%clk 1:26:36]} 11... Bd6 {
[%clk 0:58:33]} 12. Bxd6 {[%clk 1:25:45]} 12... Qxd6 {[%clk 0:56:04]} 13. O-O {
[%clk 1:25:49]} 13... Bd7 {[%clk 0:54:09]} 14. Ne5 {[%clk 1:24:22]} 14... Be8 {
[%clk 0:42:20]} 15. Ne2 {[%clk 1:23:58]} 15... Nd7 {[%clk 0:40:08]} 16. f4 {
[%clk 1:10:37]} 16... Qe7 {[%clk 0:36:04]} 17. Kh2 {[%clk 1:08:51]} 17... Bh5 {
[%clk 0:27:25]} 18. Bxe4 {[%clk 1:04:09]} 18... Nxe5 {[%clk 0:18:59]} 19. Bxd5
{[%clk 0:57:10]} 19... Bxe2 {[%clk 0:10:23]} 20. Qxe2 {[%clk 0:57:28]} 20...
Ng4+ {[%clk 0:08:39]} 21. hxg4 {[%clk 0:57:50]} 21... exd5 {[%clk 0:07:51]} 22.
g5 {[%clk 0:56:59]} 22... Rfe8 {[%clk 0:07:21]} 23. cxd5 {[%clk 0:53:17]} 23...
cxd5 {[%clk 0:07:16]} 24. Rc3 {[%clk 0:52:56]} 24... Rad8 {[%clk 0:07:14]} 25.
Qf3 {[%clk 0:53:05]} 25... Rd6 {[%clk 0:07:04]} 26. Kg1 {[%clk 0:49:47]} 26...
Qe6 {[%clk 0:06:26]} 27. Rfc1 {[%clk 0:49:57]} 27... Rc6 {[%clk 0:05:43]} 28.
Qd1 {[%clk 0:44:04]} 28... Rec8 {[%clk 0:05:50]} 29. Qd3 {[%clk 0:43:16]} 29...
R8c7 {[%clk 0:04:55]} 30. Kf2 {[%clk 0:42:55]} 30... Kf7 {[%clk 0:04:13]} 31.
Rc5 {[%clk 0:33:21]} 31... Rd7 {[%clk 0:03:10]} 32. b4 {[%clk 0:23:26]} 32...
Rcd6 {[%clk 0:02:50]} 33. Rc8 {[%clk 0:23:26]} 33... Rd8 {[%clk 0:02:43]} 34.
R1c7+ {[%clk 0:20:35]} 34... R8d7 {[%clk 0:02:45]} 35. g4 {[%clk 0:11:11]}
35... fxg4 {[%clk 0:02:10]} 36. Qxh7 {[%clk 0:11:24]} 36... g3+ {[%clk 0:01:43]
} 37. Kg2 {[%clk 0:11:20]} 37... Qxe3 {[%clk 0:01:14]} 38. Qf5+ {[%clk 0:11:31]
} 38... Ke7 {[%clk 0:00:36]} 39. Qf8+ {[%clk 0:11:52]} 1-0

[Event "Murta"]
[Site "Xativa"]
[Date "2017.07.20"]
[Round "4.6"]
[White "Silva Rodriguez, Julio Jose"]
[Black "Cebrian Flores, Juan Antonio"]
[Result "1/2-1/2"]
[WhiteElo "2334"]
[BlackElo "2044"]
[PlyCount "121"]
[EventDate "2017.??.??"]

1. e4 {[%clk 1:30:56]} 1... c5 {[%clk 1:30:49]} 2. Nf3 {[%clk 1:31:20]} 2... d6
{[%clk 1:31:12]} 3. d4 {[%clk 1:31:43]} 3... cxd4 {[%clk 1:31:36]} 4. Nxd4 {
[%clk 1:32:06]} 4... Nf6 {[%clk 1:32:01]} 5. Nc3 {[%clk 1:32:30]} 5... g6 {
[%clk 1:31:49]} 6. Bc4 {[%clk 1:31:41]} 6... Bg7 {[%clk 1:31:47]} 7. h3 {
[%clk 1:31:54]} 7... O-O {[%clk 1:31:52]} 8. Bb3 {[%clk 1:32:17]} 8... Nc6 {
[%clk 1:31:45]} 9. Be3 {[%clk 1:32:40]} 9... Bd7 {[%clk 1:30:53]} 10. O-O {
[%clk 1:32:48]} 10... Rc8 {[%clk 1:29:15]} 11. Re1 {[%clk 1:31:15]} 11... a6 {
[%clk 1:20:23]} 12. Nxc6 {[%clk 1:20:46]} 12... Bxc6 {[%clk 1:20:08]} 13. Qd3 {
[%clk 1:21:03]} 13... Nd7 {[%clk 1:18:18]} 14. Bd4 {[%clk 1:20:26]} 14... Nc5 {
[%clk 1:06:45]} 15. Qe3 {[%clk 1:19:01]} 15... Nxb3 {[%clk 0:52:44]} 16. axb3 {
[%clk 1:18:56]} 16... e5 {[%clk 0:43:57]} 17. Bb6 {[%clk 1:19:04]} 17... Qh4 {
[%clk 0:44:22]} 18. Rad1 {[%clk 1:03:01]} 18... f5 {[%clk 0:42:08]} 19. Rxd6 {
[%clk 1:02:55]} 19... fxe4 {[%clk 0:42:16]} 20. Nxe4 {[%clk 0:53:30]} 20...
Bxe4 {[%clk 0:38:44]} 21. Qxe4 {[%clk 0:53:54]} 21... Qxe4 {[%clk 0:39:08]} 22.
Rxe4 {[%clk 0:54:20]} 22... Rxc2 {[%clk 0:39:27]} 23. Be3 {[%clk 0:51:12]}
23... Rf6 {[%clk 0:31:54]} 24. Rd2 {[%clk 0:49:28]} 24... Rxd2 {[%clk 0:30:27]}
25. Bxd2 {[%clk 0:49:56]} 25... Rd6 {[%clk 0:30:27]} 26. Bc3 {[%clk 0:50:11]}
26... Rd5 {[%clk 0:30:52]} 27. Rc4 {[%clk 0:50:30]} 27... Rd7 {[%clk 0:29:43]}
28. Kf1 {[%clk 0:50:51]} 28... Kf7 {[%clk 0:29:51]} 29. Ke2 {[%clk 0:50:49]}
29... Ke6 {[%clk 0:29:07]} 30. b4 {[%clk 0:50:41]} 30... Bf8 {[%clk 0:26:32]}
31. Rc8 {[%clk 0:47:49]} 31... Bd6 {[%clk 0:26:50]} 32. h4 {[%clk 0:45:03]}
32... Rf7 {[%clk 0:22:45]} 33. g3 Rc7 {[%clk 0:16:01]} 34. Rg8 {[%clk 0:44:09]}
34... Kf7 {[%clk 0:15:51]} 35. Rh8 {[%clk 0:43:29]} 35... Ke6 {[%clk 0:15:44]}
36. Kd3 {[%clk 0:43:16]} 36... Rf7 {[%clk 0:15:18]} 37. Ke2 {[%clk 0:43:19]}
37... Rc7 {[%clk 0:15:46]} 38. Ke3 {[%clk 0:43:28]} 38... Kd5 {[%clk 0:15:07]}
39. Rg8 {[%clk 0:42:59]} 39... Rf7 {[%clk 0:14:56]} 40. f3 {[%clk 0:40:24]}
40... Bc7 {[%clk 0:14:51]} 41. h5 {[%clk 0:40:18]} 41... gxh5 {[%clk 0:13:38]}
42. Rg5 {[%clk 0:40:38]} 42... h4 {[%clk 0:13:56]} 43. g4 {[%clk 0:40:51]}
43... Bb6+ {[%clk 0:11:34]} 44. Ke2 {[%clk 0:41:13]} 44... Bd4 {[%clk 0:11:51]}
45. Bd2 {[%clk 0:40:18]} 45... Kc4 {[%clk 0:11:15]} 46. Rh5 {[%clk 0:40:33]}
46... e4 {[%clk 0:08:35]} 47. b3+ {[%clk 0:35:58]} 47... Kxb3 {[%clk 0:08:50]}
48. fxe4 {[%clk 0:36:22]} 48... Kc2 {[%clk 0:08:22]} 49. Be3 {[%clk 0:36:30]}
49... Bxe3 {[%clk 0:07:28]} 50. Kxe3 {[%clk 0:36:58]} 50... Kc3 {[%clk 0:07:27]
} 51. b5 axb5 {[%clk 0:06:38]} 52. Rxb5 {[%clk 0:37:40]} 52... Kc4 {
[%clk 0:06:58]} 53. Rb6 h3 {[%clk 0:06:10]} 54. Rh6 {[%clk 0:36:34]} 54... b5 {
[%clk 0:04:01]} 55. Rxh3 {[%clk 0:35:04]} 55... b4 {[%clk 0:04:28]} 56. Rh6 {
[%clk 0:34:25]} 56... Rb7 57. Kd2 Kd4 {[%clk 0:01:11]} 58. g5 {[%clk 0:34:37]}
58... Kxe4 {[%clk 0:00:56]} 59. g6 {[%clk 0:34:59]} 59... hxg6 {[%clk 0:01:16]}
60. Rxg6 {[%clk 0:35:25]} 60... b3 {[%clk 0:01:08]} 61. Kc1 {[%clk 0:35:51]}
1/2-1/2

[Event "Murta Xativa"]
[Site "Hotel Murta, Calle Catedrátic"]
[Date "2017.07.19"]
[Round "4.7"]
[White "Sanchez Saez, Francisco"]
[Black "Galindo Montoya, Diego"]
[Result "1/2-1/2"]
[WhiteElo "2266"]
[BlackElo "1919"]
[PlyCount "132"]
[EventDate "2017.07.17"]

1. e4 e5 2. Nc3 Nf6 3. Bc4 c6 4. d4 d5 5. dxe5 dxc4 6. Qxd8+ Kxd8 7. exf6 gxf6
8. Bf4 Be6 9. O-O-O+ Nd7 10. Nf3 Ke8 11. a3 Rg8 12. Bg3 Rd8 13. Nd4 Nb6 14. f4
Bc5 15. Nf3 Bg4 16. Kb1 Be7 17. Ne2 Rd7 18. Nc3 Rxd1+ 19. Rxd1 f5 20. Re1 Bxf3
21. gxf3 fxe4 22. fxe4 h5 23. f5 h4 24. Bb8 Nc8 25. e5 Rg2 26. f6 Bc5 27. e6
fxe6 28. Rxe6+ Kf7 29. Re4 Bd6 30. Bxd6 Nxd6 31. Rxh4 Kxf6 32. Rh6+ Ke5 33. h4
Rg1+ 34. Ka2 Rg2 35. h5 Rxc2 36. Rh7 a5 37. Nd1 b5 38. Ne3 Re2 39. Re7+ Kf4 40.
Nd5+ Kf3 41. Rxe2 Kxe2 42. Ne7 c5 43. h6 Nf7 44. h7 Kd2 45. Nc6 a4 46. Ne5 Nh8
47. Nd7 c3 48. bxc3 Kxc3 49. Nxc5 Ng6 50. Na6 Nh8 51. Nc7 Kc4 52. Na6 Ng6 53.
Kb2 Nh8 54. Kc2 Ng6 55. Nb4 Nh8 56. Nd3 Kd4 57. Nb2 Ng6 58. Nd1 b4 59. axb4 Kc4
60. b5 Kxb5 61. Nc3+ Kc6 62. Kd3 Kd6 63. Ke4 Ke6 64. Nd5 Kf7 65. Nf4 Kg7 66.
Nxg6 Kxh7 1/2-1/2

[Event "Murta"]
[Site "Xativa"]
[Date "2017.07.20"]
[Round "4.8"]
[White "Bas Mas, Miguel"]
[Black "Sampedro Barrios, Pablo"]
[Result "1-0"]
[WhiteElo "2244"]
[BlackElo "1899"]
[PlyCount "41"]
[EventDate "2017.??.??"]

1. e4 b6 2. d4 Bb7 3. Nc3 e6 4. Nf3 Nf6 5. Bd3 Bb4 6. Bg5 h6 7. Bxf6 gxf6 8.
Qd2 Nc6 9. a3 Bf8 10. O-O Rg8 11. Rfe1 f5 12. d5 Ne7 13. exf5 Nxd5 14. Be4 Nxc3
15. Bxb7 Rb8 16. Bc6 dxc6 17. Qxc3 Qd5 18. fxe6 Bg7 19. Qb4 fxe6 20. Rad1 c5
21. Qg4 1-0

[Event "Murta Xativa"]
[Site "Hotel Murta, Calle Catedrátic"]
[Date "2017.07.19"]
[Round "4.9"]
[White "Martinez Escandell, Alfonso"]
[Black "Aymerich Rosell, Pablo"]
[Result "0-1"]
[WhiteElo "1942"]
[BlackElo "2233"]
[PlyCount "100"]
[EventDate "2017.07.17"]

1. e4 c6 2. d4 d5 3. Nc3 dxe4 4. Nxe4 Bf5 5. Ng3 Bg6 6. Nf3 Nd7 7. Bd3 e6 8.
Bf4 Qa5+ 9. c3 Ngf6 10. Bxg6 hxg6 11. Qb3 Qb6 12. Qxb6 Nxb6 13. Ne2 Be7 14. Ne5
O-O 15. O-O Rfd8 16. a4 Nbd5 17. Bg5 Rac8 18. Nd3 Kf8 19. Nef4 Nxf4 20. Bxf4
Nd5 21. Bg3 a5 22. Rfe1 Nb6 23. f3 Nc4 24. b3 Nb6 25. Re5 Nd5 26. Rc1 Bf6 27.
Re4 b6 28. Be5 Ne7 29. Bxf6 gxf6 30. Nb2 Nd5 31. Ree1 Ke7 32. g3 c5 33. c4 Nb4
34. d5 Kd6 35. dxe6 fxe6 36. Re3 Nc6 37. Nd3 Nd4 38. Nf4 g5 39. Ne2 Ke7 40. Kf2
Nf5 41. Rec3 Rd2 42. R1c2 Rcd8 43. g4 Nh4 44. Rxd2 Rxd2 45. Ke3 Rb2 46. h3 Ng2+
47. Kd3 Kd6 48. f4 gxf4 49. h4 Ke5 50. h5 Ne1# 0-1

[Event "Murta Xativa"]
[Site "Hotel Murta, Calle Catedrátic"]
[Date "2017.07.19"]
[Round "4.10"]
[White "Silva Rodriguez, Fernando"]
[Black "Gomar Juan, Miguel"]
[Result "1-0"]
[WhiteElo "2216"]
[BlackElo "1864"]
[PlyCount "65"]
[EventDate "2017.07.17"]

1. d4 Nf6 2. c4 e6 3. Nf3 d5 4. Nc3 c6 5. e3 Nbd7 6. Qc2 Bd6 7. Be2 O-O 8. O-O
e5 9. cxd5 Nxd5 10. Nxd5 cxd5 11. dxe5 Nxe5 12. Rd1 Be6 13. Bd2 Rc8 14. Bc3
Nxf3+ 15. Bxf3 Be5 16. Rac1 Bxc3 17. bxc3 Qa5 18. Rd4 g6 19. Qb3 Rfd8 20. Ra4
Qc5 21. Qxb7 Bd7 22. Rxa7 Rb8 23. Qc7 Qb5 24. Qa5 Qb2 25. Rd1 Be6 26. h3 Rdc8
27. Rc7 Rxc7 28. Qxc7 Rc8 29. Qe5 Qxa2 30. Bxd5 Bxd5 31. Rxd5 Qa1+ 32. Kh2 Qxc3
33. Rd8+ 1-0

[Event "Murta"]
[Site "Xativa"]
[Date "2017.07.20"]
[Round "5.1"]
[White "Cruz Lledo, Pablo"]
[Black "Granero Roca, Antonio"]
[Result "1-0"]
[WhiteElo "2448"]
[BlackElo "2387"]
[PlyCount "137"]
[EventDate "2017.??.??"]

1. d4 {[%clk 1:30:58]} 1... Nf6 {[%clk 1:30:38]} 2. Bg5 {[%clk 1:31:23]} 2...
Ne4 {[%clk 1:29:18]} 3. Bf4 {[%clk 1:31:37]} 3... d5 {[%clk 1:28:59]} 4. f3 {
[%clk 1:31:10]} 4... Nf6 {[%clk 1:29:09]} 5. Nc3 {[%clk 1:30:18]} 5... c5 {
[%clk 1:26:32]} 6. e3 {[%clk 1:28:56]} 6... a6 {[%clk 1:26:57]} 7. Qd2 {
[%clk 1:27:06]} 7... Nc6 {[%clk 1:26:47]} 8. O-O-O {[%clk 1:27:28]} 8... cxd4 {
[%clk 1:26:28]} 9. exd4 {[%clk 1:27:51]} 9... e6 {[%clk 1:26:43]} 10. g4 {
[%clk 1:27:43]} 10... Bd7 {[%clk 1:26:53]} 11. Nge2 {[%clk 1:25:37]} 11... Qa5
{[%clk 1:26:50]} 12. Kb1 {[%clk 1:23:32]} 12... b5 {[%clk 1:27:07]} 13. Nc1 {
[%clk 1:19:32]} 13... b4 {[%clk 1:26:46]} 14. N3e2 {[%clk 1:19:55]} 14... Qb6 {
[%clk 1:26:44]} 15. h4 {[%clk 1:18:47]} 15... Na5 {[%clk 1:26:25]} 16. Ng3 {
[%clk 1:18:23]} 16... Nc4 {[%clk 1:25:29]} 17. Qe1 {[%clk 1:17:34]} 17... Rc8 {
[%clk 1:19:15]} 18. g5 {[%clk 1:03:01]} 18... Ng8 {[%clk 1:19:16]} 19. Bxc4 {
[%clk 0:56:00]} 19... Rxc4 {[%clk 1:18:33]} 20. h5 {[%clk 0:53:45]} 20... Ne7 {
[%clk 1:16:03]} 21. Nb3 {[%clk 0:53:14]} 21... a5 {[%clk 1:14:08]} 22. Nc5 {
[%clk 0:48:44]} 22... Nc6 {[%clk 1:12:31]} 23. Nf5 {[%clk 0:41:48]} 23... Nxd4
{[%clk 1:05:38]} 24. Nxd7 {[%clk 0:38:00]} 24... Kxd7 {[%clk 1:06:01]} 25. Nxd4
{[%clk 0:26:17]} 25... Rxd4 {[%clk 1:06:22]} 26. Rxd4 {[%clk 0:21:58]} 26...
Qxd4 {[%clk 1:06:01]} 27. Be5 {[%clk 0:22:26]} 27... Qc5 {[%clk 1:05:14]} 28.
Qe2 {[%clk 0:17:03]} 28... Be7 {[%clk 1:03:37]} 29. Bxg7 {[%clk 0:16:47]} 29...
Rc8 {[%clk 1:03:56]} 30. Qd3 {[%clk 0:15:21]} 30... Qf2 {[%clk 0:58:46]} 31.
Bd4 {[%clk 0:14:45]} 31... Qg3 {[%clk 0:56:24]} 32. Rf1 {[%clk 0:12:27]} 32...
Qf4 {[%clk 0:56:03]} 33. c3 {[%clk 0:12:27]} 33... bxc3 {[%clk 0:56:03]} 34.
Bxc3 {[%clk 0:12:27]} 34... a4 {[%clk 0:55:16]} 35. Qxh7 {[%clk 0:09:00]} 35...
a3 {[%clk 0:55:16]} 36. Qd3 {[%clk 0:09:00]} 36... Qxg5 {[%clk 0:55:16]} 37.
Rc1 {[%clk 0:07:26]} 37... Rc4 {[%clk 0:48:26]} 38. b3 {[%clk 0:07:25]} 38...
Rc6 {[%clk 0:48:30]} 39. Bd2 {[%clk 0:05:53]} 39... Rxc1+ {[%clk 0:48:30]} 40.
Kxc1 {[%clk 0:05:53]} 40... Qg1+ {[%clk 0:43:06]} 41. Kc2 {[%clk 0:06:39]}
41... Bd6 {[%clk 0:43:10]} 42. h6 {[%clk 0:06:05]} 42... Qh2 {[%clk 0:40:58]}
43. h7 {[%clk 0:05:35]} 43... Ke7 {[%clk 0:40:15]} 44. b4 {[%clk 0:05:12]}
44... Be5 {[%clk 0:28:38]} 45. b5 {[%clk 0:04:53]} 45... Kf6 {[%clk 0:26:35]}
46. Kb3 {[%clk 0:04:42]} 46... Kg7 {[%clk 0:25:43]} 47. Bc3 {[%clk 0:04:56]}
47... f5 {[%clk 0:24:28]} 48. b6 {[%clk 0:04:51]} 48... Kxh7 {[%clk 0:24:22]}
49. b7 {[%clk 0:04:17]} 49... Bb8 {[%clk 0:22:16]} 50. Qd4 {[%clk 0:04:11]}
50... Qc7 {[%clk 0:22:24]} 51. Qh8+ {[%clk 0:04:30]} 51... Kg6 {[%clk 0:22:25]}
52. Qc8 {[%clk 0:03:19]} 52... Qb6+ {[%clk 0:22:17]} 53. Kxa3 {[%clk 0:02:31]}
53... Bd6+ {[%clk 0:21:43]} 54. Ka4 {[%clk 0:03:00]} 54... Qa6+ {[%clk 0:20:14]
} 55. Ba5 {[%clk 0:03:04]} 55... Qe2 {[%clk 0:20:24]} 56. a3 {[%clk 0:02:07]}
56... Qe5 {[%clk 0:13:50]} 57. Bb4 {[%clk 0:02:34]} 57... Bb8 {[%clk 0:13:29]}
58. f4 {[%clk 0:02:56]} 58... Qxf4 {[%clk 0:13:20]} 59. Qxe6+ {[%clk 0:03:21]}
59... Kh5 {[%clk 0:13:27]} 60. Qxd5 {[%clk 0:03:48]} 60... Kg4 {[%clk 0:13:38]}
61. Kb5 {[%clk 0:04:07]} 61... Qh2 {[%clk 0:12:17]} 62. a4 {[%clk 0:03:35]}
62... Qh8 {[%clk 0:12:14]} 63. Qg2+ {[%clk 0:02:52]} 63... Bg3 {[%clk 0:12:08]}
64. Qxg3+ {[%clk 0:02:52]} 64... Kxg3 {[%clk 0:12:08]} 65. Bd6+ {[%clk 0:02:52]
} 65... f4 {[%clk 0:12:06]} 66. b8=Q {[%clk 0:03:12]} 66... Qb2+ {
[%clk 0:12:10]} 67. Ka5 {[%clk 0:03:12]} 67... Qd2+ {[%clk 0:12:20]} 68. Qb4 {
[%clk 0:03:28]} 68... Qd5+ {[%clk 0:12:18]} 69. Kb6 {[%clk 0:03:53]} 1-0